Dance Moms M dances - Statistics

General Stats
  • This quiz has been taken 75 times
  • The average score is 20 of 38
Answer Stats
Picture Answer % Correct
Maddie
91%
Mother
89%
Maestro Man
83%
The Mannequin
83%
Mousetrap
80%
Metamorphosis
77%
Make some noise
74%
Manhattan
71%
Moulin Rouge
71%
My doll
71%
Monsters
69%
Monster under the bed
66%
Mind craft
63%
Money is the root of all evil
63%
Munich
63%
My Pumps
63%
Major
60%
Make you Mine
60%
Masked
57%
Missing you
51%
My name in lights
51%
Master of disguise
49%
Mom itll never be the same
49%
Mercy
46%
Million dollar baby
46%
Mad Max
43%
Mirror Image
43%
Money makes the world go down
40%
Mime your business
34%
Move u 2
34%
My shadow and me
34%
My Fred Astaire
31%
The Meltdown
31%
Mystical Beauty
29%
My Obsession
26%
My dear friend
20%
Made for the shade
17%
The Maniacs
17%
No matching quizzes found
Score Distribution
Percent of People with Each Score
Percentile by Number Answered
Your Score History
You have not taken this quiz